Principles of environmental law and policy (Record no. 396085)

MARC details
000 -LEADER
fixed length control field 00507 a2200193 4500
005 - DATE & TIME
control field 20260401114852.0
008 - FIXED-LENGTH DATA ELEMENTS--GENERAL INFORMATION
fixed length control field 260325b |||||||| |||| 00| 0 eng d
020 ## - ISBN
International Standard Book Number 9788119680900
Price Rs. 2995.00
040 ## - CATALOGING SOURCE
Original cataloging agency VIVEKANANDA LIBRARY
082 ## - DDC NUMBER
Classification number 344.046
Book Number C457P
100 ## - MAIN ENTRY--PERSONAL NAME
Personal name Choudhary, Anjeet Kumar
245 ## - TITLE STATEMENT
Title Principles of environmental law and policy
260 ## - PUBLICATION, DISTRIBUTION, ETC. (IMPRINT)
Name of publisher, distributor, etc Academic Publication
Date of publication, distribution, etc 2025
Place of publication, distribution, etc Delhi
300 ## - PHYSICAL DESCRIPTION
Pages 330
650 ## - Subject
Subject Law
650 ## - Subject
Subject Jurisdictions
650 ## - Subject
Subject Environmental Law
942 ## - ADDED ENTRY ELEMENTS (KOHA)
Koha item type Books
Holdings
Withdrawn status Lost status Source of classification or shelving scheme Damaged status Not for loan Location (home branch) Sublocation or collection (holding branch) Shelving location Date acquired Koha issues (times borrowed) Koha full call number Accession No. Koha date last seen Koha item type
    Dewey Decimal Classification     VIVEKANANDA LIBRARY VIVEKANANDA LIBRARY Law Library 24/02/2026   344.046 C457P 378204 24/02/2026 Books
    Dewey Decimal Classification     VIVEKANANDA LIBRARY VIVEKANANDA LIBRARY Law Library 24/02/2026   344.046 C457P 378205 24/02/2026 Books
© Designed and Maintained by Vivekananda Library, MDU Rohtak